| 000 | 01798cam a2200397 a 4500 | ||
|---|---|---|---|
| 001 | 2692 | ||
| 003 | FISKH | ||
| 005 | 20240110094524.0 | ||
| 008 | 920921s1993 nyuaf j b 001 0 eng | ||
| 010 | _a 92036622 | ||
| 020 | _a0590451219 : | ||
| 020 | _a078073004508 | ||
| 040 |
_aDLC _cDLC _dDLC _beng |
||
| 042 | _alcac | ||
| 043 | _an-usp-- | ||
| 050 | 0 | 0 |
_aE185.925 _b.C65 1993 |
| 082 | 0 | 0 |
_a978/.0496073 _220 |
| 100 | 1 | _aCox, Clinton. | |
| 245 | 1 | 4 |
_aThe forgotten heroes : _bthe story of the Buffalo Soldiers / _cClinton Cox. |
| 260 |
_aNew York : _bScholastic, _c1993. |
||
| 300 |
_a174 pages : _billustrations ; _c20 cm |
||
| 504 | _aIncludes bibliographical references (p. [167]-174) and index. | ||
| 520 | _aRecounts the history of the 9th and 10th Cavalry regiments, comprised of African American soldiers recruited to open the West to settlers and whose deeds included escorting wagon trains, carrying mail, and fighting battles against Native Americans. | ||
| 610 | 1 | 0 |
_aUnited States. _bArmy _xAfrican American troops _xHistory _y19th century _vJuvenile literature. |
| 610 | 1 | 1 |
_aUnited States. _bArmy. _bCavalry, 9th. |
| 610 | 1 | 1 |
_aUnited States. _bArmy. _bCavalry, 10th. |
| 650 | 0 |
_aAfrican Americans _zWest (U.S.) _xHistory _y19th century _vJuvenile literature. |
|
| 650 | 0 |
_aAfrican American soldiers _zWest (U.S.) _xHistory _y19th century _vJuvenile literature. |
|
| 650 | 0 |
_aFrontier and pioneer life _zWest (U.S.) _vJuvenile literature. |
|
| 650 | 0 |
_aIndians of North America _xWars _y1866-1895 _vJuvenile literature. |
|
| 650 | 1 |
_aAfrican Americans _xHistory _y19th century. |
|
| 650 | 1 |
_aAfrican American soldiers _xHistory _y19th century. |
|
| 651 | 0 |
_aWest (U.S.) _xHistory _vJuvenile literature. |
|
| 906 |
_a7 _bcbc _corignew _d1 _eocip _f19 _gy-gencatlg |
||
| 942 |
_2ddc _cBK _n0 |
||
| 999 |
_c2692 _d2692 |
||